02094cam0a2200445 450000100060000000300300000600500170003601000260005303500220007907300180010109000100011909900060012910000410013510100080017610100180018410200070020210500180020918100250022718100200025218200210027218200110029318300270030420001020033120001070043320000080054020000080054821400380055621400140059421500190060821500500062730500830067732000200076033005230078046100590130360600590136260600870142160800490150880100300155799500610158714038http://www.sudoc.fr/26354885620260311141115.0 a9782874281297d17 EUR a(OCoLC)1335137327 2a9782874281297 a14038 o0 a20220712d2022 m y0frey50 ba0 afre0 ffrefarajgoh aBE aa a 000yd 6z01ctxt2rdacontent 16z01ai#bxxxe## 6z01cn2rdamedia 16z01an 16z01anga2RDAfrCarrier1 aScènes contemporaines des mondes arabesd= المسارح العربية المعاصرةbLIVR1 aScènes contemporaines des mondes arabesd= Al-Masāraḥ al-ʿarabiyyaẗ al-muʿāṣiraẗbLIVR1 zara1 zara 0cAlternatives théâtralesd2022 0aBruxelles a1 vol. (79 p.) cphotogr. en coul., couv. ill. en coul.d30 cm aN° de : "Alternatives théâtrales", ISSN 0774-4145, (Juillet 2022), n°147 aNotes bibliogr. aQue sait-on des scènes contemporaines des mondes arabes? De leurs contextes de création ? Des artistes qui les font naître et vivre, ici et là-bas ? De l'Irak à la Palestine, en passant par la résistance artistque des Printemps arabes, ce numéro est un "chant d'amour" aurait dit Jean Genet, captif amoureux de ces mondes. Éclectique et passionné mais éloigné d'un orientalisme naïf, ce numéro propose donc une immersion dans ces scènes passionnantes aux esthétiques et idées puissantes 0039731227tAlternatives théâtralesx0774-4145v147 3027253066aThéâtre3027228959yPays arabes2rameau 3029772990aThéâtre (genre littéraire) arabe3086305646zXXe siècle2rameau 3122706463aArticles de périodiques2rameau 3aFRbAbesc20240130gAFNOR 2052026-03-11913929cJOLfJOL-007738kREVo0bJOLrLIVR